00553nam a2200169 a 450000100100000000500170001000800410002704000250006808200160009310000270010924500430013626000360017930000270021504900090024295201150025199900170036600003155620200930063019.0110627s19uu dr a 000 0 spa d aDO-SdBNPbspacBNPHU axxxxbA162b1 aAbreu, Noé A.92382513aEl brujo de borojol /cNoé A. Abreu. a[Santo Domingo :bs.n.,cs.f.]. a30 p. :bil. ;c21 cm. aBNPD 00107-18PDaPDbPDcOId2011-06-27iLF1l0oxxxx A162bp31556-10r2020-06-25w2020-06-25yLFPDZNo se presta c31048d31048